Datum a čas kvízu
34
Celkem bodů
Celkový počet nahraných bodů na tomto kvízu bez doplňovacích otázek.
3.
Pořadí na kvízu
Konečné umístění týmu na tomto kvízu.
Zaznamenané odpovědi
# | Otázka | Odpověď | Body | Výsledky |
---|---|---|---|---|
1. | Jedna česká politička se pochl... | Alena Schillerová, lev | 1 | |
2. | Bezpečnostní složky na kosmodr... | raketoplán Buran | 0 | |
3. | Který muž bude v příštích lete... | Jiří Bartoška | 1 | |
4. | Minulý týden jsme se dozvěděli... | Kofola | 0 | |
5. | Který dopravní prostředek využ... | traktor | 1 | |
6. | Podíváme se na pět reklam, z n... | sázení (sázková kancelář, hazard) | 1 | |
7. | Pro který produkt byla vytvoře... | kondomy | 1 | |
8. | Doplňte 4 slova, která pokraču... | vy už tady nebudete | 1 | |
9. | Tato televizní reklama na Fido... | Karel Zich | 0 | |
10. | Spot režiséra Jakuba Koháka se... | ÚAMK | 0 |